Minimal degrees of unsolvability and the full approximation construction

Αποθηκεύτηκε σε:
Λεπτομέρειες βιβλιογραφικής εγγραφής
Κύριος συγγραφέας: Epstein, Richard L. 1947-
Μορφή: Βιβλίο
Γλώσσα:English
Δημοσίευση: Providence : American Mathematical Society, 1975
Σειρά:Memoirs of the American Mathematical Society ; ; 162
Θέματα:
Ετικέτες: Προσθήκη ετικέτας
Δεν υπάρχουν, Καταχωρήστε ετικέτα πρώτοι!

MARC

LEADER 00000cam a2200000 i 4500
001 1/48159
008 941103s1975 eng d
020 |a 0821818627 
035 |l 10043262 
035 |a 1993 
040 |a GR-MY-UA  |b gre  |e aacr 
041 0 |a eng 
082 0 |a 511.3 
100 1 |a Epstein, Richard L.  |d 1947- 
245 1 0 |a Minimal degrees of unsolvability and the full approximation construction /  |c Richard L. Epstein 
260 |a Providence :   |b American Mathematical Society,   |c 1975 
300 |a vii, 136 p.;  |b diagrs.;  |c 26 cm 
490 1 |a Memoirs of the American Mathematical Society ; no. 162 
500 |a Originally presented as the author's thesis, University of California, Berkeley 
500 |a Includes index 
504 |a Bibliography: p. 131 
650 0 0 |a Unsolvability (Mathematical logic) 
650 0 0 |a Recursive functions. 
650 0 0 |a Constructive mathematics. 
830 0 |a Memoirs of the American Mathematical Society ;  |v ; 162 
852 |a INST  |b SAMOS  |e 19941103  |h 511.3 EPS  |p 005300002369  |q 005300002369  |t BK  |y 0 
909 |a Σ  |b 030929